| 000 | 00661cab a2200217 4500 | ||
|---|---|---|---|
| 001 | X3819 | ||
| 008 | 090401t1996 xxu||||| |||| 00| 0 eng d | ||
| 035 | _a(Sirsi) u33118 | ||
| 041 | _aeng | ||
| 245 | _aBuilding regulations, appeals, determinations | ||
| 260 | _c1996 | ||
| 350 | _a0 | ||
| 490 |
_aCSM (Chartered Surveyor Monthly) _v6(2) October 1996, 39(1) |
||
| 520 | _aHighlights some crucial issues in recent DoE determinations on stairways. | ||
| 650 | _aK1 | ||
| 650 | _aRESIDENTIAL HOMES | ||
| 650 | _aBUILT ENVIRONMENT-BUILDING ELEMENTS-COMPLETE BUILDING ELEMENTS-STAIRS | ||
| 690 | _aBUILT ENVIRONMENT | ||
| 942 | _n0 | ||
| 948 | _c04/03/1997 | ||
| 999 |
_c22138 _d22138 |
||